000 00596nam a2200229Ia 4500
003 OSt
005 20221007111928.0
006 a|||||r|||| 00| 0
007 ta
008 221006b |||||||| |||| 00| 0 eng d
024 _a24,566
037 _cBound Volume
040 _aLCO
_cLCO
_beng
041 _2eng
_aeng
245 0 _aLAW COMMISSION OF INDIA
260 _aIndia
_bUniversal Law Publishing Co. Pvt. Ltd. India
300 _avarious
490 _v18 (2002- 2034)
650 _aLAW COMMISSION
_9703310
942 _cCR
999 _c1194129
_d1194129